000 00771nam a2200229Ii 4500
003 JO-AjNU
008 230605s9999||||xx |||||||||||||| ||und||
017 _a2011/7/2626
020 _a978-9957-70-522-0
040 _aJO-AjNU
_bara
_erda
_cJO-AjNU
041 _aara
050 1 4 _aPJ6101 2012
100 3 _aتاليف عمران، قدور,
_eauthor
_943339
245 0 0 _aالبعد التداولي والحجابي في الخطاب القرآني
250 _aط1
264 3 1 _aإربد:عالم الكتب الحديث,2011
300 _a288ص
336 _atext
_btxt
_2rdacontent
337 _aunmediated
_bn
_2rdamedia
338 _avolume
_bnc
_2rdacarrier
650 4 _aالبعد التداولي والحجابي في الخطاب القرآني
_943340
999 _aA18625
_c22193
_d22193